Statistics for Name That S.E. Hinton Movie

Click here to take the quiz!

General Stats

  • This quiz has been taken 12 times
  • The average score is 4 of 4

Answer Stats

Audience Score (%)Tomatometer (%)Movie% Correct
80%75%Rumble Fish
100%
82%68%The Outsiders
100%
65%85%Tex
83%
59%0%That Was Then This Is Now
67%

Score Distribution

Percentile by Number Answered

Percent of People with Each Score

Your Score History

You have not taken this quiz